| 000 | 004680000a22001810004500 | ||
|---|---|---|---|
| 003 | MACL | ||
| 005 | 20160803131344.0 | ||
| 008 | 160803b xxu||||| |||| 00| 0 eng d | ||
| 040 |
_aMACL _cMACL |
||
| 041 | _aEnglish | ||
| 082 | _a954 GOV | ||
| 100 |
_aResearch And Rererence Division _966018 |
||
| 245 |
_aIndia _bA Reference Annual 1980 |
||
| 260 |
_bPubcation Division _c1980 _aBombay |
||
| 350 | _a36 | ||
| 650 |
_aIndian History _9227 |
||
| 942 |
_cBK _k954/Gov _2ddc |
||
| 999 |
_c34222 _d34222 |
||